000 00252nam a22000857a 4500
008 161202b xxu||||| |||| 00| 0 eng d
100 _91785
_aHornby. A. S
245 _aOxford advanced learners dictionary of current english
260 _aAmerica
_bStandard
_c2000
999 _c4493
_d4493